000 00622nam a2200205Ii 4500
003 JO-AjNU
008 230605s9999||||xx |||||||||||||| ||und||
040 _aJO-AjNU
_bara
_erda
_cJO-AjNU
041 _aara
050 1 4 _aPJ7862.H411.I56 1982
100 3 _aشلبي، محمود,
_eauthor
_948508
245 0 0 _aإني لأجد ريح يوسف
250 _aط1
264 3 1 _aعمان: دار الفكر، 1982
300 _a103ص
336 _atext
_btxt
_2rdacontent
337 _aunmediated
_bn
_2rdamedia
338 _avolume
_bnc
_2rdacarrier
650 4 _aالأدب العربي - قصص الأنبياء
_948509
999 _aA21248
_c24816
_d24816